| 000 | 00525nam a2200205Ia 4500 | ||
|---|---|---|---|
| 003 | OSt | ||
| 005 | 20250923160958.0 | ||
| 008 | 210210b2010 xxu||||| |||| 00| 0 eng d | ||
| 020 | _a9788132105237 | ||
| 040 | _cAL | ||
| 041 | _aeng | ||
| 082 | _a658.57 PORC | ||
| 100 |
_aAmiram Porath _9240287 |
||
| 245 |
_aCollaborative research in management _b: inside out |
||
| 260 |
_aLos Angeles _bResponse Books _c2010 |
||
| 300 | _axx,211p. | ||
| 690 |
_aProduction Management _9240288 |
||
| 906 | _a066238 | ||
| 942 |
_2ddc _cBK |
||
| 999 |
_c147529 _d147529 |
||